|
|
|
|
| LEADER |
00000cam a2200000 4500 |
| 001 |
vtls012149916 |
| 003 |
SK-MaSNL |
| 005 |
20260425224502.0 |
| 008 |
220926s2021 xv ab f n 000 0 ger |
| 015 |
|
|
|a SNBZSA2023/03
|
| 020 |
|
|
|a 9789612864989
|q (viazané)
|
| 040 |
|
|
|a SNK
|b slo
|c SNK
|e rda
|
| 041 |
0 |
|
|a ger
|
| 043 |
|
|
|a e-xv---
|a e-xo--
|
| 044 |
|
|
|a xv
|c SI
|
| 072 |
|
7 |
|a 81
|x Lingvistika. Jazyky
|2 konspekt
|
| 080 |
|
|
|a 81'1
|2 2011
|
| 080 |
|
|
|a 373.5.011.3-052
|2 2011
|
| 080 |
|
|
|a 811.1/.9
|2 2011
|
| 080 |
|
|
|a (497.4)
|2 2011
|
| 080 |
|
|
|a (437.6)
|2 2011
|
| 080 |
|
|
|a (048.8)
|2 2011
|
| 080 |
|
|
|a 316.647.8
|2 2011
|
| 100 |
1 |
|
|a Oštir, Alja Lipavic,
|d 1965-
|4 aut
|9 370977
|
| 245 |
1 |
0 |
|a Über Sprachen aus der Perspektive von Gymnasiast*innen aus Slowenien und aus der Slowakei
|c Alja Lipavic Oštir, Milina Muzikářová
|
| 250 |
|
|
|a Edition 1st
|
| 264 |
|
1 |
|a Maribor
|b University of Maribor
|b University Press
|c 2021
|
| 300 |
|
|
|a 200 strán
|b grafy, ilustrácie, mapy, tabuľky
|c 25 cm
|
| 336 |
|
|
|a text
|b txt
|2 rdacontent
|
| 337 |
|
|
|a bez média
|b n
|2 rdamedia
|
| 338 |
|
|
|a zväzok
|b nc
|2 rdacarrier
|
| 504 |
|
|
|a Obsahuje bibliografiu na strane 195-199 a bibliografické odkazy
|
| 650 |
0 |
7 |
|a lingvistika
|2 SNKPH
|9 860
|
| 650 |
0 |
7 |
|a stredoškolskí študenti
|2 SNKPH
|9 3980
|
| 650 |
0 |
7 |
|a jazyky
|2 SNKPH
|9 51577
|
| 650 |
0 |
7 |
|a predsudky
|2 SNKPH
|9 4369
|
| 650 |
0 |
7 |
|a stereotypy
|2 SNKPH
|9 4368
|
| 650 |
0 |
7 |
|a Linguistics
|2 SNKPHeng
|9 265222
|
| 650 |
0 |
7 |
|a Secondary school students
|2 SNKPHeng
|9 325071
|
| 650 |
0 |
7 |
|a Languages
|2 SNKPHeng
|9 266561
|
| 650 |
0 |
7 |
|a Stereotypes
|2 SNKPHeng
|9 340187
|
| 650 |
0 |
7 |
|a Prejudices
|2 SNKPHeng
|9 313451
|
| 651 |
|
7 |
|a Slovinsko
|2 SNKPHgeo
|9 18915
|
| 651 |
|
7 |
|a Slovensko
|2 SNKPHgeo
|9 14231
|
| 651 |
|
7 |
|a Slovenia
|2 SNKPHeng
|9 302697
|
| 651 |
|
7 |
|a Slovakia
|2 SNKPHeng
|9 92630
|
| 655 |
|
7 |
|a monografie
|2 SNKPH
|9 70139
|
| 655 |
|
7 |
|a Monographs
|2 SNKPHeng
|9 120675
|
| 700 |
1 |
|
|a Muzikářová, Milina
|4 aut
|9 370978
|
| 919 |
|
|
|a 978-961-286-498-9
|
| 954 |
|
|
|a odborná, vedecká literatúra pôvodná (slovenská)
|2 lita
|
| 954 |
|
|
|a odborná, vedecká literatúra cudzojazyčná (svetová)
|2 lita
|
| 958 |
|
|
|a ZS
|
| 958 |
|
|
|a NB
|
| 999 |
|
|
|c 615039
|d 616969
|
| 952 |
|
|
|a SNK
|b SNK
|y PREZ
|7 0
|p 17A1493456
|o snkSC 200928
|i snk2023/1981
|8 1
|0 0
|1 0
|4 0
|d 2023-02-01
|l 0
|r 2025-10-23 00:00:00
|w 2026-02-23
|